000 00331 a2200145 4500
001 164338
020 _a
040 _cMagnum
100 _aBakhtin, Mikhail Mikhailovitch
240 1 0 _aMarxismo e filosofia da linguagem
_lpor
245 1 0 _aMarxismo e filosofia da linguagem
362 0 _a1899
697 _aGERAL
942 _cBK
999 _c164338
_d164338